Ang Talambuhay ni Rizal: (Record no. 12311)
[ view plain ]
| 000 -LEADER | |
|---|---|
| fixed length control field | 00630nam a22001697a 4500 |
| 008 - FIXED-LENGTH DATA ELEMENTS--GENERAL INFORMATION | |
| fixed length control field | 190122b ||||| |||| 00| 0 eng d |
| 082 ## - DEWEY DECIMAL CLASSIFICATION NUMBER | |
| Edition number | 1957 |
| Classification number | DFil 920 |
| Item number | Sa5 |
| 100 ## - MAIN ENTRY--PERSONAL NAME | |
| Personal name | Santiago, Aurea |
| 9 (RLIN) | 34782 |
| 245 ## - TITLE STATEMENT | |
| Title | Ang Talambuhay ni Rizal: |
| Remainder of title | at ang kanyang mga tula at kuwento / |
| Statement of responsibility, etc. | Aurea Jimenez Santiago at Guillermo Y. Santiago-Cuino |
| 250 ## - EDITION STATEMENT | |
| Edition statement | 1974 Edition |
| 260 ## - PUBLICATION, DISTRIBUTION, ETC. (IMPRINT) | |
| Place of publication, distribution, etc. | Manila: |
| Name of publisher, distributor, etc. | Philippine Book Company, |
| Date of publication, distribution, etc. | 1957 |
| 300 ## - PHYSICAL DESCRIPTION | |
| Extent | 138 pages: |
| Other physical details | illustrations; |
| Dimensions | 22 cm. |
| 500 ## - GENERAL NOTE | |
| General note | May kalakip na talasalitaan |
| 650 ## - SUBJECT ADDED ENTRY--TOPICAL TERM | |
| Topical term or geographic name as entry element | Rizal, Jose 1861-1896 |
| 9 (RLIN) | 34783 |
| 700 ## - ADDED ENTRY--PERSONAL NAME | |
| Personal name | Santiago-Cuino, Guillermo Y. |
| Titles and other words associated with a name | [author] |
| 9 (RLIN) | 34784 |
| 942 ## - ADDED ENTRY ELEMENTS (KOHA) | |
| Source of classification or shelving scheme | Dewey Decimal Classification |
| Koha item type | Filipiniana |
| Withdrawn status | Lost status | Source of classification or shelving scheme | Damaged status | Not for loan | Collection code | Home library | Current library | Date acquired | Total Checkouts | Full call number | Barcode | Date last seen | Copy number | Price effective from | Koha item type |
|---|---|---|---|---|---|---|---|---|---|---|---|---|---|---|---|
| Dewey Decimal Classification | Filipiniana | UM Digos College - LIC | UM Digos College - LIC | 01/22/2019 | DFil 920 Sa5 1957 | 4939 | 06/08/2021 | 6 | 01/22/2019 | Filipiniana |
